书目信息 |
| 题名: |
建筑装饰设计
|
|
| 作者: | 沈百禄 编著 | |
| 分册: | ||
| 出版信息: | 北京 机械工业出版社 2006.1 |
|
| 页数: | XV,370页 | |
| 开本: | 24cm | |
| 丛书名: | 建设工程问答系列丛书 | |
| 单 册: | ||
| 中图分类: | TU238-44 | |
| 科图分类: | ||
| 主题词: | 建筑设计--jian zhu she ji , 建筑装饰--jian zhu zhuang shi--建筑设计--问答 | |
| 电子资源: | ||
| ISBN: | 7-111-17316-3 | |
| 000 | 01051oam2 2200289 450 | |
| 001 | 012005000000 | |
| 005 | 20061012101529.96 | |
| 010 | @a7-111-17316-3@dCNY33.00 | |
| 100 | @a20060120d2006 em y0chiy0121 ea | |
| 101 | 0 | @achi |
| 102 | @aCN@b110000 | |
| 105 | @afk z 000yy | |
| 200 | 1 | @a建筑装饰设计@Ajian zhu zhuang shi she ji@f沈百禄编著 |
| 210 | @a北京@c机械工业出版社@d2006.1 | |
| 215 | @aXV,370页@c图@d24cm | |
| 225 | 2 | @a建设工程问答系列丛书@Ajian she gong cheng wen da xi lie cong shu@i建筑装饰系列 |
| 320 | @a有书目 | |
| 330 | @a本书内容包括:室内设计风格,室内设计原理,视觉效应与装饰设计,采光、照明与环境设计,建筑防水、防火工程的设计原理,中国古园林建筑设计等六章。 | |
| 333 | @a阅读对象:广大建筑装饰设计、施工人员等 | |
| 461 | 0 | @12001 @a建设工程问答系列丛书 |
| 462 | 0 | @12001 @a建筑装饰系列 |
| 606 | 0 | @a建筑设计@Ajian zhu she ji |
| 606 | 0 | @a建筑装饰@Ajian zhu zhuang shi@x建筑设计@j问答 |
| 690 | @aTU238-44@v4 | |
| 701 | 0 | @a沈百禄@Ashen bai lu@4编著 |
| 801 | 0 | @aCN@c20061012 |
| 905 | @a10447@dTU238-44@eS380 | |
| 建筑装饰设计/沈百禄编著.-北京:机械工业出版社,2006.1 |
| XV,370页:图;24cm.-(建设工程问答系列丛书.建筑装饰系列) |
| 使用对象:阅读对象:广大建筑装饰设计、施工人员等 |
| ISBN 7-111-17316-3:CNY33.00 |
| 本书内容包括:室内设计风格,室内设计原理,视觉效应与装饰设计,采光、照明与环境设计,建筑防水、防火工程的设计原理,中国古园林建筑设计等六章。 |
| ● |
| 相关链接 |
|
|
|
正题名:建筑装饰设计
索取号:TU238-44/S380
 
预约/预借
| 序号 | 登录号 | 条形码 | 馆藏地/架位号 | 状态 | 备注 |
| 1 | 549534 | 205495347 | 建筑库101/101建筑库 53排4列3层/ [索取号:TU238-44/S380] | 在馆 | |
| 2 | 549535 | 205495356 | 建筑库101/101建筑库 53排4列3层/ [索取号:TU238-44/S380] | 在馆 | |
| 3 | 549536 | 205495365 | 建筑库101/101建筑库 53排4列3层/ [索取号:TU238-44/S380] | 在馆 |